• 首页
  • 本馆介绍
  • 公告通知
  • 最新文献
  • 馆藏检索
  • 电子资源
  • 读者导购
  • 参考咨询
  • 我的图书馆
  • 登录
  • 详细信息显示
  • 放入我的书架
  • 预约/预借图书
  • 作者相关作品
  • 分类相关作品
  • 丛书相关作品
  • 出版社相关作品

书目信息

  • 表格格式
  • 工作单格式
  • 卡片格式
题名:
基本建设工程项目概预算审计
    
 
作者: 刘晓军 , 时现 主编
分册:  
出版信息: 北京   中国审计出版社  1997
页数: 203页
开本: 20cm
丛书名: 注册会计师系列丛书
单 册:
中图分类: F239.63
科图分类:
主题词: 基本建设项目--预算编制--审计
电子资源:
ISBN: 978-7-80064-580-8
000 00781nam2 2200253 450
001 0100618222
005 20100708154359.0
010    @a978-7-80064-580-8@dCNY12.00
100    @a20021005d1997 em y0chiy0110 ea
101 0  @achi
102    @aCN@b110000
105    @ay z 000yy
106    @ar
200 1  @a基本建设工程项目概预算审计@9Ji Ben Jian She Gong Cheng Xiang Mu Gai Yu Suan Shen Ji @f刘晓军,时现主编@b专著
210    @a北京@c中国审计出版社@d1997
215    @a203页@d20cm
225 2  @a注册会计师系列丛书
410  0 @12001 @a注册会计师系列丛书
606 0  @a基本建设项目@x预算编制@x审计
690    @aF239.63@v3
701  0 @a刘晓军@9liu xiao jun@4主编
701  0 @a时现@9shi xian@4主编
801  0 @aCN@bAiZhiMarc@c19980116
905    @aBZT@dF239.63@e1@f1@sF239.63/1
    
    基本建设工程项目概预算审计/刘晓军,时现主编.-北京:中国审计出版社,1997
    203页;20cm.-(注册会计师系列丛书)
    
    
    ISBN 978-7-80064-580-8:CNY12.00
    
●
相关链接 在五车中查询图书 在当当中查询图书 在豆瓣中查询图书


正题名:基本建设工程项目概预算审计     索取号:F239.63/1         预约/预借

序号 登录号 条形码 馆藏地/架位号 状态 备注
1 2000116748   2000116748   旧书回溯/ [索取号:F239.63/1] 在馆    
山东省滨州职业学院图书馆 欢迎您!
大连网信软件有限公司© 版权所有